Monthly statistics of Japan

Shranjeno v:
Bibliografske podrobnosti
Format: Knjiga
Jezik:Undetermined
Izdano: Tokyo Statistics Bureau Management and Coordination Agency 1985
Teme:
Oznake: Označite
Brez oznak, prvi označite!
Thư viện lưu trữ: Trung tâm Học liệu Trường Đại học Cần Thơ
LEADER 00463nam a2200169Ia 4500
001 CTU_105359
008 210402s9999 xx 000 0 und d
082 |a 315.52 
082 |b M789/No.285 
245 0 |a Monthly statistics of Japan 
260 |a Tokyo 
260 |b Statistics Bureau Management and Coordination Agency 
260 |c 1985 
650 |a Japan 
650 |x Statistics 
904 |i Năm 
980 |a Trung tâm Học liệu Trường Đại học Cần Thơ